[Event "Las Americas Team op U2400 Hybrid"]
[Site "Internet"]
[Date "2022.05.14"]
[Round "1.3"]
[White "Carvajal Diaz, Alejandro Alfonso"]
[Black "Sabugal Alducin, Armando"]
[Result "1-0"]
[WhiteElo "1378"]
[BlackElo "1495"]
[PlyCount "111"]
[EventDate "2022.05.14"]
[EventType "team-swiss"]
[EventRounds "5"]
[EventCountry "VEN"]
[SourceTitle "EXT 2023"]
[Source "ChessBase"]
[SourceDate "2022.10.05"]
[SourceVersion "1"]
[SourceVersionDate "2022.10.05"]
[SourceQuality "1"]

1. f4 d5 2. Nf3 Nf6 3. e3 c5 4. c3 Nc6 5. d4 e6 6. Bd3 Be7 7. 0-0 0-0 8. a3 c4 9. Bc2 Bd7 10. Nbd2 Qc7 11. Ne5 Nxe5 12. fxe5 Ne8 13. e4 Bc6 14. exd5 Bxd5 15. Qh5 g6 16. Qg4 Ng7 17. Ne4 Bxe4 18. Bxe4 Nf5 19. Bxf5 exf5 20. Rxf5 h5 21. Rxh5 Qc8 22. Qg3 Re8 23. Rh3 Kg7 24. Bh6+ Kg8 25. Rf1 Bf8 26. Qf4 Qe6 27. Bxf8 Kxf8 28. Qf6 Qxf6 29. exf6 Kg8 30. Rh4 Re6 31. Rhf4 Re2 32. R4f2 Rae8 33. g3 R8e6 34. Rxe2 Rxe2 35. Rf2 Re6 36. g4 Kh7 37. g5 Re4 38. h3 Re1+ 39. Kg2 Rb1 40. Rd2 Kg8 41. d5 Kf8 42. h4 Ke8 43. Re2+ Kd8 44. Kf3 Rf1+ 45. Ke4 Rh1 46. Kd4 Rxh4+ 47. Kc5 Rg4 48. Re5 b6+ 49. Kd6 a6 50. Re7 Rxg5 51. Rxf7 Ke8 52. Ra7 Rf5 53. Ke6 Kd8 54. d6 Kc8 55. f7 Kb8 56. Re7 1-0

[Event "Las Americas Team op U2400 Hybrid"]
[Site "Internet"]
[Date "2022.05.14"]
[Round "4.10"]
[White "Mason, Kriston"]
[Black "Sabugal Alducin, Armando"]
[Result "0-1"]
[WhiteElo "1381"]
[BlackElo "1495"]
[PlyCount "102"]
[EventDate "2022.05.14"]
[EventType "team-swiss"]
[EventRounds "5"]
[EventCountry "VEN"]
[SourceTitle "EXT 2023"]
[Source "ChessBase"]
[SourceDate "2022.10.05"]
[SourceVersion "1"]
[SourceVersionDate "2022.10.05"]
[SourceQuality "1"]

1. d4 Nf6 2. Nf3 d5 3. c4 e6 4. e3 Nbd7 5. Be2 c5 6. 0-0 Bd6 7. a3 Qc7 8. Nc3 cxd4 9. Qxd4 e5 10. Qh4 dxc4 11. Qxc4 Qxc4 12. Bxc4 e4 13. Ng5 Ne5 14. Ba2 Bf5 15. f4 exf3 16. Nxf3 Bd7 17. Ng5 0-0 18. Nd5 Nxd5 19. Bxd5 Bc6 20. Ba2 h6 21. Nf3 Nd3 22. b4 Nxc1 23. Rfxc1 a5 24. Nd4 Bd7 25. bxa5 Rxa5 26. Rd1 Be5 27. Bb3 Ba4 28. Bxa4 Rxa4 29. Rd3 Rd8 30. Rad1 Rda8 31. Nb5 Bb2 32. Rd7 Bxa3 33. Nxa3 Rxa3 34. Rxb7 Rxe3 35. Rdd7 Ra2 36. Kf1 Rc3 37. Rd8+ Kh7 38. Rd1 Kg6 39. h4 Rcc2 40. g4 Rh2 41. Rb6+ Kh7 42. Kg1 Rag2+ 43. Kf1 Rxg4 44. Rd7 Rf4+ 45. Kg1 Rhxh4 46. Kg2 Rhg4+ 47. Kh3 Rg6 48. Rb3 Rf5 49. Kh4 Rf1 50. Rh3 Rf4+ 51. Kh5 Rg5# 0-1